[Event "Fredericia Chess 2024 WIM"]
[Site "Fredericia Denmark"]
[Date "2024.05.08"]
[Round "1.1"]
[White "Zaritovskaja, Margarita"]
[Black "Martynkova, Olena"]
[Result "1/2-1/2"]
[WhiteElo "2033"]
[BlackElo "2202"]
[WhiteFideId "14149249"]
[BlackFideId "14134039"]
[SourceTitle "Live"]

1. e4   c5  2. Nf3   e6  3. d4   cxd4  4. Nxd4   Nc6  5. Nc3   Qc7  6. Nxc6   Qxc6  7. Bd3   a6  8. O-O   Bc5  9. Qg4   Kf8  10. e5  10... d5  11. Na4   h5  12. Qh4   Be7  13. Qd4   Nh6  14. Be3   Ng4  15. Nb6   Rb8  16. h3   Nxe3  17. fxe3   Ke8  18. Nxc8   Rxc8  19. Qf4   Rf8  20. Qg3  20... g5  21. Qf3   h4  22. Qh5   Qc7  23. Rxf7   Rxf7  24. Rf1   Qxe5  25. Rxf7   Kd7  26. Qf3   Qxb2  27. Qg4   Qa1+  28. Kf2   Qe5  29. Qb4  1/2-1/2

[Event "Fredericia Chess 2024 WIM"]
[Site "Fredericia Denmark"]
[Date "2024.05.08"]
[Round "1.2"]
[White "Dalsberg, Sandra de Blecourt"]
[Black "Kakulidis, Ellen"]
[Result "1/2-1/2"]
[WhiteElo "2083"]
[BlackElo "2062"]
[BlackFideId "1444972"]
[SourceTitle "Live"]

1. d4   Nf6  2. c4   e6  3. Nc3   Bb4  4. e3   O-O  5. Ne2   c6  6. a3   Ba5  7. c5   d6  8. cxd6   Qxd6  9. Qc2   e5  10. b4  10... Bc7  11. Bb2   Qe7  12. g3   Rd8  13. dxe5   Ng4  14. Bg2   Nxe5  15. O-O   Nc4  16. Bc1   Nd7  17. b5   Nde5  18. bxc6   bxc6  19. Nd4   Bd7  20. Nce2  20... Na5  21. Nf4   Rac8  22. Bd2   Nac4  23. Bc1   Nb6  24. a4   c5  25. Nb5   Bxb5  26. axb5   Bb8  27. Bb2   Nec4  28. Bc3   Be5  29. Bxe5   Nxe5  30. Rfd1  30... c4  31. Nd5   Nxd5  32. Rxd5   Rxd5  33. Bxd5   Qc5  34. Qe4   Nd3  35. Bc6   Rd8  36. Rd1   g6  37. Rd2   Qb4  38. Rd1   Qb2  39. Qf3   Qe5  40. e4  40... Qc5  41. Bd5   Rd7  42. Rb1   Rc7  43. h4   Nb4  44. Qa3   Nxd5  45. Qxc5   Rxc5  46. exd5   Rxd5  47. b6   axb6  48. Rxb6   Rc5  49. Rb2   Kg7  50. Kf1  50... Kf6  51. Ke2   Ke5  52. Ke3   Kd5  53. Rc2   Rc6  54. Rc1   Ra6  55. Rd1+   Kc5  56. Rd7   Rc6  57. Rxf7   Kb4  58. Kd2   h5  59. Rb7+   Kc5  60. Rf7  60... Kb4  1/2-1/2

[Event "Fredericia Chess 2024 WIM"]
[Site "Fredericia Denmark"]
[Date "2024.05.08"]
[Round "1.3"]
[White "Butenandt, Svenja"]
[Black "Jakobsen, Shanne Hedegaard"]
[Result "1/2-1/2"]
[WhiteElo "2198"]
[BlackElo "1956"]
[WhiteFideId "12993859"]
[BlackFideId "1462296"]
[SourceTitle "Live"]

1. d4   d5  2. c4   c6  3. Nc3   Nf6  4. Nf3   e6  5. Bg5   Nbd7  6. e3   Qa5  7. Nd2   Bb4  8. Rc1   Ne4  9. Ndxe4   dxe4  10. Bh4  10... Qxa2  11. Qc2   Nb6  12. Be2   Na4  13. O-O   Bxc3  14. bxc3   Nxc3  15. Qxc3   Qxe2  16. Qb4   f6  17. d5   Kf7  18. dxc6   bxc6  19. Qd6   e5  20. Qxc6  20... Bf5  21. Qb7+   Kg6  22. Rfe1   Qh5  23. Bg3   Rhb8  24. Qc6   Rc8  25. Qa6   Rc7  26. Red1   h6  27. Rd6   Kh7  28. c5   Qe8  29. c6   Rb8  30. Qa4  30... Qe7  31. Rcd1   Rb6  32. Qc2   Qe8  33. Rc1   Bd7  34. Qxe4+   Kh8  35. h3   Rbxc6  36. Rdxc6   Bxc6  37. Qc4   Rc8  38. Qa2   Qd7  39. Ra1   Ra8  40. Qa5  40... Bb5  41. Rc1  1/2-1/2

[Event "Fredericia Chess 2024 WIM"]
[Site "Fredericia Denmark"]
[Date "2024.05.08"]
[Round "1.4"]
[White "Doluhanova, Evgeniya"]
[Black "Sevcikova, Lucia"]
[Result "1-0"]
[WhiteElo "2272"]
[BlackElo "2008"]
[WhiteFideId "14112035"]
[BlackFideId "14940744"]
[SourceTitle "Live"]

1. Nf3   d5  2. e3   Nf6  3. b3   e6  4. Bb2   Bd6  5. Be2   Nbd7  6. c4   c6  7. O-O   O-O  8. cxd5   exd5  9. Nd4   Re8  10. f4  10... Nf8  11. Nc3   c5  12. Ndb5   Bb8  13. Na4   a6  14. Na3   Ba7  15. Rc1   N8d7  16. Bf3   b5  17. Bxf6   Nxf6  18. Nxc5   Qa5  19. Nb1   Bf5  20. b4  20... Qxb4  21. Nxa6   Bxe3+  22. dxe3   Rxa6  23. Nc3   Rxe3  24. Nxd5   Nxd5  25. Qxd5   Be6  26. Qb7   Rxa2  27. Bd5   Qf8  28. Bxa2   Bxa2  29. Qxb5   h6  30. Rc2  30... Bb3  31. Rcc1   Ba2  32. Rc2   Bb3  33. Rb2   Qa3  34. Rd2   Qe7  35. h3   Qe4  36. f5   Kh7  37. Qb8   Bd5  38. Qf4   Bc4  39. Qxe4   Rxe4  40. Rc1  40... g6  41. Rdc2   Bd5  42. Rd2   Bc4  43. fxg6+   Kxg6  44. Rc3   Re2  45. Rg3+   Kf5  46. Rd4   Re1+  47. Kh2   Be2  48. Rh4   Rd1  49. Rxh6   Bc4  50. h4  50... Rd2  51. Rg5+   Kf4  52. Rf6+   Ke3  53. Re5+   Kd4  54. Rd6+   Kxe5  55. Rxd2   Kf5  56. Kg3   Kg6  57. Kf4   Be6  58. g4   Kh6  59. Rd6   Kg7  60. Rxe6  1-0

[Event "Fredericia Chess 2024 WIM"]
[Site "Fredericia Denmark"]
[Date "2024.05.08"]
[Round "1.5"]
[White "Olde, Margareth"]
[Black "Bochnickova, Simona"]
[Result "1-0"]
[WhiteElo "2145"]
[BlackElo "2031"]
[WhiteFideId "4503082"]
[BlackFideId "14958562"]
[SourceTitle "Live"]

1. d4   d5  2. Nf3   Nf6  3. c4   c6  4. e3   a6  5. Bd3   dxc4  6. Bxc4   b5  7. Be2   e6  8. O-O   Bd6  9. Nbd2   Nbd7  10. Qc2  10... Bb7  11. e4   Be7  12. e5   Nd5  13. Ne4   c5  14. dxc5   Rc8  15. Bg5   f6  16. exf6   gxf6  17. Bh6   Nxc5  18. Nxc5   Bxc5  19. Qe4   Qb6  20. Qg4  20... Rc7  21. Nd2   f5  22. Qh5+   Rf7  23. Bg5   Rg8  24. Nf3   Bd6  25. Rad1   e5  26. Nh4   Bc5  27. Bf3   Ne7  28. Bxb7   Qxb7  29. Rd2   Bb4  30. Rd3  30... e4  31. Rdd1   Qc8  32. a3   Ba5  33. Rd6   Bc7  34. Rf6   Ng6  35. Rxf7   Kxf7  36. Qxh7+   Rg7  37. Qh5   Qe6  38. Nxg6   Rxg6  39. h4   Qe5  40. g3  40... f4  41. gxf4  1-0

[Event "Fredericia Chess 2024 WIM"]
[Site "Fredericia Denmark"]
[Date "2024.05.09"]
[Round "2.1"]
[White "Jakobsen, Shanne Hedegaard"]
[Black "Doluhanova, Evgeniya"]
[Result "0-1"]
[WhiteElo "1956"]
[BlackElo "2272"]
[WhiteFideId "1462296"]
[BlackFideId "14112035"]
[SourceTitle "Live"]

1. d4   Nf6  2. c4   e6  3. Nc3   Bb4  4. Nf3   b6  5. g3   Ba6  6. Qb3   c5  7. dxc5   Bxc5  8. Bg2   Nc6  9. Qa4   Bb7  10. O-O  10... O-O  11. Bf4   Qe7  12. Rad1   h6  13. a3   a5  14. Ne5   Rac8  15. Nd3   Bd6  16. Be3   Bc7  17. Nb5   Ng4  18. Bc1   Bb8  19. c5   f5  20. h3  20... Nf6  21. cxb6   d5  22. Be3   Ne4  23. Rc1   Ne5  24. Bxe4   fxe4  25. Nxe5   Bxe5  26. Qxa5   Bxb2  27. Rc7   Rxc7  28. bxc7   e5  29. Qb6   Bc8  30. Bc5  30... Qf6  31. Nd6   Bd4  32. Nxc8   Rxc8  33. Qb7   Qe6  34. Bd6   e3  35. Kg2   exf2  36. a4   Kh7  37. a5   e4  38. a6   e3  0-1

[Event "Fredericia Chess 2024 WIM"]
[Site "Fredericia Denmark"]
[Date "2024.05.09"]
[Round "2.2"]
[White "Sevcikova, Lucia"]
[Black "Olde, Margareth"]
[Result "0-1"]
[WhiteElo "2008"]
[BlackElo "2145"]
[WhiteFideId "14940744"]
[BlackFideId "4503082"]
[SourceTitle "Live"]

1. d4   Nf6  2. c4   e6  3. Nc3   Bb4  4. e3   O-O  5. Bd2   d5  6. a3   Be7  7. b4   dxc4  8. Bxc4   a5  9. b5   Nbd7  10. Nf3  10... Nb6  11. Bd3   c5  12. bxc6   bxc6  13. Qc2   Ba6  14. Bxa6   Rxa6  15. O-O   c5  16. dxc5   Bxc5  17. Nb5   Nbd7  18. Rfd1   Qe7  19. Bc3   Rc8  20. Qb2  20... Nb6  21. a4   Raa8  22. Bd4   Bxd4  23. Qxd4   Qc5  24. Nd6   Qxd4  25. Nxd4   Rc3  26. Rdb1   Nfd7  27. g3   Kf8  28. Rb5   Rc5  29. Nb3   Rxb5  30. Nxb5  30... Ke7  31. N5d4   Ne5  32. Kf1   Nec4  33. Ke2   g6  34. Ra2   e5  35. Nb5   Rc8  36. Nd2   Nxd2  37. Kxd2   Rc4  38. Nc3   Ke6  39. f3   f5  40. Kd3  40... Rb4  41. e4   Nd7  42. g4   Nc5+  43. Ke3   fxg4  44. fxg4   Rc4  45. Ra3   Rd4  46. Ke2   Nxe4  47. Nxe4   Rxe4+  48. Kf3   Rf4+  49. Kg3   h5  50. h3  50... Kf6  51. Kh4   hxg4  52. hxg4   g5+  53. Kg3   Ke6  54. Rc3   Kd5  55. Rc8   Rxa4  56. Rg8   Ra3+  57. Kf2   Rb3  58. Rxg5   Rb8  59. Rg7   Ra8  60. Rd7+  60... Ke4  61. g5   Kf5  62. Rd5   Ke6  63. Rc5   a4  64. g6   a3  65. Rc6+   Ke7  66. Rc1   a2  67. Ra1   Ra3  68. g7   Kf7  69. Rg1   Kg8  0-1

[Event "Fredericia Chess 2024 WIM"]
[Site "Fredericia Denmark"]
[Date "2024.05.09"]
[Round "2.3"]
[White "Zaritovskaja, Margarita"]
[Black "Dalsberg, Sandra de Blecourt"]
[Result "1-0"]
[WhiteElo "2033"]
[BlackElo "2083"]
[WhiteFideId "14149249"]
[BlackFideId "14134039"]
[SourceTitle "Live"]

1. e4   c5  2. Nf3   e6  3. d4   cxd4  4. Nxd4   Nc6  5. Nc3   a6  6. Nxc6   bxc6  7. Bd3   d5  8. O-O   Nf6  9. Qf3   Be7  10. Qg3  10... O-O  11. Bh6   Ne8  12. Bf4   g6  13. Rad1   Bb7  14. Na4   Qa5  15. b3   d4  16. Nb2   Qc5  17. Nc4   a5  18. Bh6   Ng7  19. f4   Ba6  20. Ne5  20... Bxd3  21. cxd3   Qd6  22. Nc4   Qb8  23. Bxg7   Kxg7  24. Qf2   c5  25. f5   f6  26. Qh4   e5  27. Rf3   Qe8  28. Rh3   Rh8  29. Qh6+   Kf7  30. Rf1  30... Qf8  31. fxg6+   hxg6  32. Nxe5+   Ke6  33. Qxf8   Rhxf8  34. Nxg6   Rf7  35. Rh5   Bd6  36. e5   fxe5  37. Rxf7   Kxf7  38. Nxe5+   Ke6  39. Nc4   Bf8  40. g4  40... a4  41. Re5+   Kf6  42. Rf5+   Kg7  43. Nb6  1-0

[Event "Fredericia Chess 2024 WIM"]
[Site "Fredericia Denmark"]
[Date "2024.05.09"]
[Round "2.4"]
[White "Kakulidis, Ellen"]
[Black "Butenandt, Svenja"]
[Result "1-0"]
[WhiteElo "2062"]
[BlackElo "2198"]
[WhiteFideId "1444972"]
[BlackFideId "12993859"]
[SourceTitle "Live"]

1. d4   Nf6  2. c4   e6  3. g3   d5  4. Bg2   Bb4+  5. Nd2   O-O  6. Nf3   dxc4  7. Qc2   c5  8. dxc5   Nc6  9. O-O   e5  10. Nxc4  10... e4  11. Rd1   Qe7  12. Ng5   Bxc5  13. Be3   Re8  14. Bxc5   Qxc5  15. Nxe4   Nxe4  16. Bxe4   Bg4  17. Bxh7+   Kh8  18. Ne3   Qh5  19. Nxg4   Qxg4  20. Bd3  20... Re6  21. Qc4   Qh3  22. Qd5   Rh6  23. Qg2   Qh5  24. Bc4   Re8  25. Rac1   Ne5  26. Bb5   Re7  27. Rd8+   Kh7  28. Rcc8   Kg6  29. Qe4+   Kf6  30. Rd6+  30... Re6  31. Rxe6+   fxe6  32. Qf4+ Qf5  33. Rf8+   Nf7  34. Qxf5+   exf5  35. Bc4  1-0

[Event "Fredericia Chess 2024 WIM"]
[Site "Fredericia Denmark"]
[Date "2024.05.09"]
[Round "2.5"]
[White "Martynkova, Olena"]
[Black "Bochnickova, Simona"]
[Result "1-0"]
[WhiteElo "2202"]
[BlackElo "2031"]
[WhiteFideId "14134039"]
[BlackFideId "14958562"]
[SourceTitle "Live"]

1. d4   Nf6  2. c4   c5  3. Nf3   cxd4  4. Nxd4   e5  5. Nb5   d5  6. cxd5   a6  7. N5c3   Bc5  8. Nd2   Nxd5  9. Nde4   Bd4  10. e3  10... Bxc3+  11. bxc3   O-O  12. Ba3   Re8  13. Nd6   Qa5  14. Qb3   Be6  15. Nxe8   Nc6  16. Bc4   Rxe8  17. O-O   Nxc3  18. Bxe6   Rxe6  19. Bb2   Nb5  20. a4  20... Nd6  21. Ba3   Qc7  22. Rfd1   Na5  23. Qd5   Ne8  24. Rac1   Nc6  25. Rb1   e4  26. Qd7   Qa5  27. Rxb7   Ne5  28. Bb4   Nf3+  29. gxf3   Qh5  30. Bd6  30... exf3  31. Rb8   Qg6+  32. Bg3   Kf8  33. Rd6   Qc2  34. Rc6   Qe2  35. Rxe8+   Rxe8  36. Bd6+  1-0

[Event "Fredericia Chess 2024 WIM"]
[Site "Fredericia Denmark"]
[Date "2024.05.09"]
[Round "3.1"]
[White "Doluhanova, Evgeniya"]
[Black "Kakulidis, Ellen"]
[Result "1-0"]
[WhiteElo "2272"]
[BlackElo "2062"]
[WhiteFideId "14112035"]
[BlackFideId "1444972"]
[SourceTitle "Live"]

1. c4   c6  2. b3   d5  3. Bb2   Bg4  4. h3   Bh5  5. Nc3   Nf6  6. cxd5   cxd5  7. g4   Bg6  8. Bg2   e6  9. Nf3   Nc6  10. Nb5  10... Be7  11. Nbd4   Nxd4  12. Bxd4   O-O  13. Ne5   Nd7  14. Nxg6   hxg6  15. O-O   g5  16. Rc1   Bd6  17. e3   Ne5  18. Qe2   Ng6  19. Qb5   Qe7  20. Bc5  20... Bxc5  21. Rxc5   b6  22. Rc2   Rac8  23. Rfc1   Qb7  24. Qd3   Nh4  25. Bh1   b5  26. Rc5   Rxc5  27. Rxc5   Rc8  28. b4   a5  29. Qc3   Ra8  30. bxa5  30... Qa6  31. Qe5   Qxa5  32. Qxg5   Qb4  33. Qe7   Qb1+  34. Kh2   Ng6  35. Qb7   Qxa2  36. Rxb5   Rf8  37. Rb2   Qa1  38. d4   Qe1  39. Qb4   Qa1  40. Rb1  40... Qa2  41. Qb2   Qa6  42. Qb6   Qa2  43. Kg3   Rc8  44. Qb7   Rc2  45. Rf1   Qa3  46. Qb8+   Kh7  47. h4   Qe7  48. g5   Qc7+  49. Qxc7   Rxc7  50. Bf3  50... Ne7  51. Be2   g6  52. Kf4   Kg7  53. Bg4   Nc8  54. h5   gxh5  55. Bxh5   Ne7  56. Be2   f6  57. gxf6+   Kxf6  58. Rh1   Ng6+  59. Kg3   Rc8  60. Bg4  60... Rc6  61. Ra1   Rb6  62. Ra8   Rc6  63. Bh5   Kg5  64. Bxg6   Kxg6  65. Kf4   Kf6  66. f3   Rc3  67. Rh8   Kg7  68. Rh4   Kf6  69. Rh6+   Kf7  70. Rh7+  70... Kf6  71. e4   dxe4  72. fxe4   Rc6  73. Rd7   Rc1  74. Rd6   Rf1+  75. Ke3   Ke7  76. Ra6   Re1+  77. Kf4   Rd1  78. Ke5   Kd7  79. Rd6+   Kc7  80. Rxe6  80... Rh1  81. Rf6   Rh5+  82. Ke6   Rh4  83. Rf7+   Kd8  84. Kd5   Rh5+  85. e5   Rh6  86. e6   Rh4  87. Ke5   Ke8  88. Ra7   Kd8  89. d5   Rh5+  90. Kd6  90... Kc8  91. Rc7+   Kb8  92. Rc1   Rh6  93. Kd7  1-0

[Event "Fredericia Chess 2024 WIM"]
[Site "Fredericia Denmark"]
[Date "2024.05.09"]
[Round "3.2"]
[White "Olde, Margareth"]
[Black "Jakobsen, Shanne Hedegaard"]
[Result "1/2-1/2"]
[WhiteElo "2145"]
[BlackElo "1956"]
[WhiteFideId "4503082"]
[BlackFideId "1462296"]
[SourceTitle "Live"]

1. d4   d5  2. Nf3   Nf6  3. c4   c6  4. e3   e6  5. Nbd2   Be7  6. Bd3   Nbd7  7. O-O   O-O  8. e4   dxe4  9. Nxe4   Nxe4  10. Bxe4  10... Nf6  11. Bc2   c5  12. Qe2   cxd4  13. Rd1   Qc7  14. Rxd4   e5  15. Qxe5   Qxe5  16. Nxe5   Bc5  17. Rd1   Re8  18. Bf4   Bg4  19. Re1   Bb4  20. Re3  20... Bc5  21. Rg3   Be2  22. Nd3   Bd4  23. Be3   Rad8  24. Bxd4   Rxd4  25. b3   g6  26. Ne1   Rd2  27. h3   Bd1  28. Nf3   Rxc2  29. Rxd1   Rxa2  30. Nd4  30... a6  31. Rgd3   Kg7  32. Re3   Rxe3  33. fxe3   Ne4  34. Nf3   Rb2  35. Rd7   Rxb3  36. Ne5   a5  37. Rxf7+   Kg8  38. Rc7   a4  39. Rc8+   Kg7  40. Ra8  40... a3  41. Nf3   Rxe3  42. Nd4   Rc3  43. Nb5   Rxc4  44. Rxa3   Rb4  45. Nc7   h5  46. h4   Nf6  47. Ne6+   Kf7  48. Ng5+   Kg7  49. g3   Rb1+  1/2-1/2

[Event "Fredericia Chess 2024 WIM"]
[Site "Fredericia Denmark"]
[Date "2024.05.09"]
[Round "3.3"]
[White "Dalsberg, Sandra de Blecourt"]
[Black "Martynkova, Olena"]
[Result "1/2-1/2"]
[WhiteElo "2083"]
[BlackElo "2202"]
[BlackFideId "14134039"]
[SourceTitle "Live"]

1. d4   Nf6  2. c4   g6  3. Nc3   Bg7  4. e4   d6  5. Bd3   O-O  6. Nge2   Nc6  7. O-O   e5  8. d5   Nd4  9. Nxd4   exd4  10. Ne2  10... Nd7  11. Bc2   Ne5  12. Nxd4   Nxc4  13. Rb1   Qf6  14. Ne2   c5  15. dxc6   bxc6  16. b3   Ne5  17. f4   Nd7  18. Bb2   Qe7  19. Bxg7   Kxg7  20. Qd4+  20... Nf6  21. Rbd1   Bg4  22. Rfe1   Rad8  23. h3   Bxe2  24. Rxe2   Kg8  25. Rde1   Nh5  26. Qf2   Qf6  27. f5   Qe5  28. Bd1   a5  29. Re3   Nf6  30. Qc2  30... c5  31. Bf3   Rfe8  32. Qd2   Ra8  33. fxg6   hxg6  34. R1e2   a4  35. Rd3   axb3  36. axb3   Ra6  37. Qc3   Qxc3  38. Rxc3   Nd7  39. Rd2   Ne5  40. Bd1  40... Rb8  41. Kf2   Kf8  42. Ke3   Ke7  43. h4   Ra3  44. g4   Rb4  45. Kf4   Rd4  46. Rxd4   cxd4  47. Rc2   Nd3+  48. Kg5   Nc5  49. h5   Ne6+  50. Kh6  50... Ra8  51. Kh7   Ng5+  52. Kg7   Ne6+  53. Kh7   Ng5+  1/2-1/2

[Event "Fredericia Chess 2024 WIM"]
[Site "Fredericia Denmark"]
[Date "2024.05.09"]
[Round "3.4"]
[White "Butenandt, Svenja"]
[Black "Zaritovskaja, Margarita"]
[Result "1-0"]
[WhiteElo "2198"]
[BlackElo "2033"]
[WhiteFideId "12993859"]
[BlackFideId "14149249"]
[SourceTitle "Live"]

1. d4   Nf6  2. c4   e6  3. Nc3   Bb4  4. e3   O-O  5. Bd2   b6  6. Nf3   d5  7. cxd5   exd5  8. Bd3   Bb7  9. O-O   c5  10. dxc5  10... bxc5  11. a3   Bxc3  12. Bxc3   Nbd7  13. b4   c4  14. Bc2   Re8  15. Qd4   Qb6  16. Qh4   Ne4  17. Bxg7   Kxg7  18. Qg4+   Qg6  19. Qxd7   Bc6  20. Qh3  20... Rad8  21. Rad1   Kh8  22. Rd4   Bd7  23. Qh4   Rg8  24. g3   Bf5  25. Qf4   Qh5  26. Bxe4   dxe4  27. Qe5+  1-0

[Event "Fredericia Chess 2024 WIM"]
[Site "Fredericia Denmark"]
[Date "2024.05.09"]
[Round "3.5"]
[White "Bochnickova, Simona"]
[Black "Sevcikova, Lucia"]
[Result "1-0"]
[WhiteElo "2031"]
[BlackElo "2008"]
[WhiteFideId "14958562"]
[BlackFideId "14940744"]
[SourceTitle "Live"]

1. e4   e6  2. d4   d5  3. Nc3   Nf6  4. Bg5   dxe4  5. Nxe4   Be7  6. Bxf6   gxf6  7. Nf3   f5  8. Nc3   a6  9. Be2   Qd6  10. Qd2  10... Nd7  11. O-O-O   b5  12. Qe3   Bf6  13. d5   e5  14. Bxb5   O-O  15. Bc6   Rb8  16. Nd2   Bg7  17. g4   fxg4  18. h3   f5  19. hxg4   fxg4  20. Qd3  20... Nf6  21. Nc4   Qe7  22. d6   cxd6  23. Nd5   Qd8  24. Nxf6+   Rxf6  25. Qxh7+   Kf8  26. Bd5   Be6  27. Nxe5   Rh6  28. Rxh6   Qg5+  29. Rd2   Qxh6  30. Nd7+  30... Bxd7  31. Qg8+   Ke7  32. Qxb8   g3  33. Qb6   Be5  34. Qe3   Qf6  35. fxg3   Qf1+  36. Rd1   Qb5  37. c3   Kd8  38. Qd3   Qb6  39. Rf1   Kc7  40. Qc4+  40... Kd8  41. Rf8+   Ke7  42. Rf7+   Ke8  43. Qe4   Qg1+  44. Kc2   Qxg3  45. Rf1   Kd8  46. Rf8+   Ke7  47. Qh7+   Bg7  48. Rf7+   Kd8  49. Qg8+   Be8  50. Qxg7  50... Qh2+  51. Kb3   Qd2  52. Qf6+   Kc8  53. Be6+  1-0

[Event "Fredericia Chess 2024 WIM"]
[Site "Fredericia Denmark"]
[Date "2024.05.10"]
[Round "4.1"]
[White "Zaritovskaja, Margarita"]
[Black "Doluhanova, Evgeniya"]
[Result "0-1"]
[WhiteElo "2033"]
[BlackElo "2272"]
[WhiteFideId "14149249"]
[BlackFideId "14112035"]
[SourceTitle "Live"]

1. e4   e5  2. Nf3   Nc6  3. Bc4   Bc5  4. c3   Nf6  5. d3   O-O  6. O-O   d6  7. h3   a6  8. Nbd2   Ba7  9. Bb3   Ne7  10. Re1  10... Ng6  11. Nf1   Be6  12. Ng3   Qd7  13. d4   Bxb3  14. axb3   exd4  15. cxd4   h6  16. Bd2   Rfe8  17. Bc3   Rad8  18. Qd2   d5  19. e5   Nh7  20. Nh2  20... f6  21. Qd3   Nf4  22. Qf3   fxe5  23. Rxe5   Rxe5  24. dxe5   Rf8  25. Qg4   Qxg4  26. Nxg4   h5  27. Nxh5   Nxh5  28. Bd2   Ng3  29. Re1   Ne4  30. Be3  30... Bxe3  31. Rxe3   Nhg5  32. f3   Nc5  33. Rc3   Nge6  34. b4   Na4  35. Rc2   Rf4  36. Rd2   c6  37. b3   Nc3  38. Rc2   Nb5  0-1

[Event "Fredericia Chess 2024 WIM"]
[Site "Fredericia Denmark"]
[Date "2024.05.10"]
[Round "4.2"]
[White "Kakulidis, Ellen"]
[Black "Olde, Margareth"]
[Result "0-1"]
[WhiteElo "2062"]
[BlackElo "2145"]
[WhiteFideId "1444972"]
[BlackFideId "4503082"]
[SourceTitle "Live"]

1. d4   Nf6  2. c4   e6  3. g3   d5  4. Bg2   Bb4+  5. Nd2   O-O  6. Nf3   b6  7. O-O   Bb7  8. a3   Be7  9. cxd5   exd5  10. b4  10... Ne4  11. Nxe4   dxe4  12. Ne5   Bd5  13. Qc2   f5  14. Bb2   c6  15. Rac1   a5  16. bxa5   Rxa5  17. Nc4   Ra6  18. a4   Nd7  19. Rfd1   Qe8  20. e3  20... Qf7  21. Bf1   b5  22. axb5   cxb5  23. Nd2   Rb6  24. Ra1   h5  25. Ra7   Bd6  26. Rda1   Rfb8  27. R1a6   Qe8  28. Nb3   Rxa6  29. Rxa6   Nb6  30. Nc5  30... Bf8  31. Ba3   Nc4  32. Bb4   Ra8  33. Qa2   Kh7  34. Rxa8   Qxa8  35. Qxa8   Bxa8  36. Na6   Bxb4  37. Nxb4   Nd6  38. Be2   Kh6  39. Kf1   g5  40. h3  40... h4  41. gxh4   gxh4  42. Ke1   Bb7  43. Bf1   Kg5  44. Ke2   f4  45. exf4+   Kxf4  46. Bg2   Nf5  47. Nc2   Bd5  48. Kd2   Bc4  49. Kc3   Be2  50. Nb4  50... Ne7  51. Kd2   Bc4  52. Kc3   Be6  53. Na6   Nd5+  54. Kd2   Bf5  55. Nc5   b4  56. Nb3   e3+  57. Ke1   exf2+  58. Kxf2   Ne3  59. Bc6   Bxh3  60. Nc5  60... Bf5  61. d5   Nc4  62. Ne6+   Ke5  63. Ng5   b3  64. Nf7+   Kf6  65. d6   b2  66. Be4   Bd7  67. Nd8   Nxd6  68. Bb1   Ke7  0-1

[Event "Fredericia Chess 2024 WIM"]
[Site "Fredericia Denmark"]
[Date "2024.05.10"]
[Round "4.3"]
[White "Martynkova, Olena"]
[Black "Sevcikova, Lucia"]
[Result "1-0"]
[WhiteElo "2202"]
[BlackElo "2008"]
[WhiteFideId "14134039"]
[BlackFideId "14940744"]
[SourceTitle "Live"]

1. d4   d5  2. c4   c6  3. Nf3   Nf6  4. Nc3   e6  5. e3   Nbd7  6. Qc2   Bd6  7. Bd3   O-O  8. O-O   dxc4  9. Bxc4   b5  10. Bd3  10... Bb7  11. e4   e5  12. dxe5   Nxe5  13. Nxe5   Bxe5  14. h3   a6  15. Be3   Qe7  16. Ne2   Nd7  17. a4   b4  18. f4   Bc7  19. Nd4   Bb6  20. a5  20... Bxd4  21. Bxd4   c5  22. Bf2   Rac8  23. e5   h6  24. Bc4   Kh8  25. Qf5   Nb8  26. Rfd1   g6  27. Qg4   Be4  28. Bh4   Qb7  29. Rd6   Nc6  30. e6  30... Bf5  31. Bf6+   Kh7  32. Qd1   Bxe6  33. Bxe6   fxe6  34. Rd7+   Rf7  35. Rxb7  1-0

[Event "Fredericia Chess 2024 WIM"]
[Site "Fredericia Denmark"]
[Date "2024.05.10"]
[Round "4.4"]
[White "Dalsberg, Sandra de Blecourt"]
[Black "Butenandt, Svenja"]
[Result "0-1"]
[WhiteElo "2083"]
[BlackElo "2198"]
[BlackFideId "12993859"]
[SourceTitle "Live"]

1. d4   Nf6  2. c4   e6  3. Nc3   Bb4  4. e3   O-O  5. Ne2   d5  6. a3   Be7  7. Nf4   c6  8. Bd2   Bd6  9. c5   Bc7  10. Bd3  10... e5  11. dxe5   Bxe5  12. Nh5   Ng4  13. Qf3   d4  14. exd4   Bxd4  15. O-O-O   Nxf2  16. Be3   Bxe3+  17. Qxe3   Nxd1  18. Rxd1   Qh4  19. Ng3   Qh6  20. Qxh6  20... gxh6  21. Nce4   Nd7  22. Nh5   Ne5  23. Nef6+   Kh8  24. Bxh7   Bg4  25. Nxg4   Nxg4  26. Bb1   Rad8  27. Rd6   Rxd6  28. cxd6   Rd8  0-1